<?xml version="1.0" encoding="UTF-8"?><?xml-stylesheet type="text/xsl" href="static/style.xsl"?><OAI-PMH xmlns="http://www.openarchives.org/OAI/2.0/" xmlns:xsi="http://www.w3.org/2001/XMLSchema-instance" xsi:schemaLocation="http://www.openarchives.org/OAI/2.0/ http://www.openarchives.org/OAI/2.0/OAI-PMH.xsd"><responseDate>2026-06-07T05:25:40Z</responseDate><request verb="GetRecord" identifier="oai:riuma.uma.es:10630/6670" metadataPrefix="marc">https://riuma.uma.es/rest/oai/request</request><GetRecord><record><header><identifier>oai:riuma.uma.es:10630/6670</identifier><datestamp>2026-02-03T12:52:31Z</datestamp><setSpec>com_10630_5701</setSpec><setSpec>com_10630_3139</setSpec><setSpec>com_10630_10</setSpec><setSpec>col_10630_6640</setSpec></header><metadata><record xmlns="http://www.loc.gov/MARC21/slim" xmlns:dcterms="http://purl.org/dc/terms/" xmlns:doc="http://www.lyncode.com/xoai" xmlns:xsi="http://www.w3.org/2001/XMLSchema-instance" xsi:schemaLocation="http://www.loc.gov/MARC21/slim http://www.loc.gov/standards/marcxml/schema/MARC21slim.xsd">
   <leader>00925njm 22002777a 4500</leader>
   <datafield ind2=" " ind1=" " tag="042">
      <subfield code="a">dc</subfield>
   </datafield>
   <datafield ind2=" " ind1=" " tag="720">
      <subfield code="a">Ocaña-Ocaña, María del Carmen</subfield>
      <subfield code="e">author</subfield>
   </datafield>
   <datafield ind2=" " ind1=" " tag="260">
      <subfield code="c">2006</subfield>
   </datafield>
   <datafield ind2=" " ind1=" " tag="520">
      <subfield code="a">La proyección demográfica es una herramienta habitual en la planificación urbanística. Con&#xd;
frecuencia sus resultados se manejan como una variable independiente con la que se justifican&#xd;
nuevos desarrollos urbanos. En la realidad, las relaciones entre crecimiento demográfico y&#xd;
urbano, son mucho más complejas, y existen claras interconexiones en ambos sentidos. El&#xd;
trabajo analiza dos aspectos concretos que deben considerarse en la prospección demográfica&#xd;
para la planificación urbanística. En primer lugar, la importancia que debe concederse a la&#xd;
proyección de los hogares. En segundo lugar, se considera como la propia urbanización, más&#xd;
concretamente del mercado de la vivienda, puede afectar la evolución demográfica.</subfield>
   </datafield>
   <datafield ind2=" " ind1=" " tag="520">
      <subfield code="a">The demographic projection is a habitual tool in the urban planning. Frequently their&#xd;
results are handled as an independent variable with which new urban developments are justified.&#xd;
Actually, the relations between population and urban growth are much more complex, existing&#xd;
clear interconnections in both senses. This work analyzes two concrete aspects that must be&#xd;
considered in the demographic prospecting for the city planning. First, the importance that must&#xd;
be granted to the households projection. Second, it is considered how the own urbanization and&#xd;
more concretely the house market can affect the demographic evolution.</subfield>
   </datafield>
   <datafield ind1="8" ind2=" " tag="024">
      <subfield code="a">OCAÑA OCAÑA, MARÍA DEL CARMEN "Hogares y viviendas en la prospección demográfica de la planificación urbanística" Baetica, 28 (1), 2006, 507-526</subfield>
   </datafield>
   <datafield ind1="8" ind2=" " tag="024">
      <subfield code="a">0212-5099</subfield>
   </datafield>
   <datafield ind1="8" ind2=" " tag="024">
      <subfield code="a">http://hdl.handle.net/10630/6670</subfield>
   </datafield>
   <datafield tag="653" ind2=" " ind1=" ">
      <subfield code="a">Urbanismo</subfield>
   </datafield>
   <datafield ind2="0" ind1="0" tag="245">
      <subfield code="a">Hogares y viviendas en la prospección demográfica de la planificación urbanística</subfield>
   </datafield>
</record>
</metadata></record></GetRecord></OAI-PMH>